000 00528nam a22001937a 4500
003 KOHA_MİRAKIL
005 20251219093219.0
008 251219b tu ||||| |||| 00| 0 tur d
020 _a9786059581035
040 _aTR-AnABB
_btur
_cTR-AnABB
041 _atur
082 _a720.108
_bTAP 2016
100 1 _aTapan, Mete,
245 1 0 _aMimarlıkta değerlendirme /
_cMete Tapan
260 _aİstanbul :
_bİTÜ Vakfı Yayınları,
_c2016
300 _a96 sayfa ;
_c23 cm
650 0 4 _aMimarlık
942 _2ddc
_cBK
999 _c9782
_d9782
900 _bGizem YORULMAZ